[Event "MDA-ch"]
[Site "Kishinev"]
[Date "2018.02.01"]
[Round "2"]
[White "Prilepov, Alexei"]
[Black "Vedmediuc, Serghei"]
[Result "1/2-1/2"]
[WhiteElo "2263"]
[BlackElo "2470"]
[PlyCount "21"]
[EventDate "2018.01.31"]
[EventType "tourn"]
[EventRounds "9"]
[EventCountry "MDA"]
[EventCategory "6"]
[SourceTitle "CBM 182 Extra"]
[Source "ChessBase"]
[SourceDate "2018.02.23"]
[SourceVersion "1"]
[SourceVersionDate "2018.02.23"]
[SourceQuality "1"]

1. Nf3 d5 2. g3 g6 3. Bg2 Bg7 4. 0-0 Nf6 5. d3 0-0 6. Nbd2 Nbd7 7. e4 dxe4 8. dxe4 e5 9. b3 b6 10. Bb2 Ba6 11. Re1 1/2-1/2